Appraising Personality / (Record no. 4938)
[ view plain ]
| 000 -LEADER | |
|---|---|
| fixed length control field | 00532nam a2200205 a 4500 |
| 003 - CONTROL NUMBER IDENTIFIER | |
| JCCL marc code | BD-JhCC |
| 005 - DATE AND TIME OF LATEST TRANSACTION | |
| control field | 20171206092539.0 |
| 008 - FIXED-LENGTH DATA ELEMENTS--GENERAL INFORMATION | |
| fixed length control field | 171205s1968 bg a|||| ||a| 000 0 eng d |
| 035 ## - SYSTEM CONTROL NUMBER | |
| system control number | (BD-JhCC) |
| 040 ## - CATALOGING SOURCE | |
| Original cataloging agency | BD-JhCC |
| Modifying agency | BD-JhCC |
| 041 ## - LANGUAGE CODE | |
| Language code of Book | eng |
| 082 ## - DEWEY DECIMAL CLASSIFICATION NUMBER | |
| Classification number | 616.8 |
| Author mark and Year | HAR 1968 |
| 100 ## - MAIN ENTRY--PERSONAL NAME | |
| Personal name | Harrower, Molly |
| 245 ## - TITLE STATEMENT | |
| Title | Appraising Personality / |
| Statement of responsibility, etc | Molly Harrower |
| 260 ## - PUBLICATION, DISTRIBUTION, ETC. (IMPRINT) | |
| Place of publication, distribution, etc | New York |
| Name of publisher, distributor, etc | Simon And Schuster, |
| Date of publication, distribution, etc | 1968. |
| 300 ## - PHYSICAL DESCRIPTION | |
| Pagination | 302 p. : |
| Other physical details | Ill, ; |
| Dimensions | 21 cm. |
| 650 ## - SUBJECT ADDED ENTRY--TOPICAL TERM | |
| Topical term or geographic name as entry element | Clinicalo Psychlogy |
| 942 ## - ADDED ENTRY ELEMENTS (KOHA) | |
| Source of classification or shelving scheme | Dewey Decimal Classification |
| Koha item type | Books |
| Source of classification or shelving scheme | Damaged status | Not for loan | Home library | Current library | Shelving location | Date of accession | Total Checkouts | Full call number | Barcode | Date last seen | Copy number | Koha item type |
|---|---|---|---|---|---|---|---|---|---|---|---|---|
| Dewey Decimal Classification | JCC Rouf Library | JCC Rouf Library | General Stacks | 12/05/2017 | 616.8 HAR 1968 | 6457 | 12/05/2017 | C-1 | Books |